Responses for Show #5208 - Wednesday, April 11, 2007

Contestants

[<< previous game]

Tim Woodward, a teacher from Salem, New Hampshire

Karen Anderson, a private investigator from Half Moon Bay, California

Kate Zimmermann, a prosecutor from Bakersfield, California (whose 1-day cash winnings total $4,100)

[next game >>]

Jeopardy! Round responses

COLONIAL AMERICA
WORLD CAPITALS BY AIRPORT
(Alex: We will give you the airport.)
NAME THAT POET
THE "SIT"UATION ROOM
ROCK
ROLE
    $200 21
St. Patrick's Day

Karen
    $200 2
Washington, D.C.

Tim
    $200 26
Longfellow

Tim
    $200 7
Sitting Bull

Karen
    $200 1
Gibraltar

Karen
    $200 16
Hans Christian Andersen

Kate
    $400 22
Monticello

Karen
    $400 3
Paris

Tim
    $400 27
Dr. Seuss

Kate
    $400 8
the Lusitania

Tim
    $400 12
Pride Rock

Tim
    $400 17
Abraham Lincoln

Karen
    $600 23
Pocahontas

Kate
    $600 4
(Karen: What is Amsterdam?)

Berlin

KateKaren
    $600 28
Lord Byron

Triple Stumper
    $600 9
the sitar

Karen
    $600 13
(Kate: What is Arizona?)

New Mexico

KateKaren
    $600 18
Jessica Tandy

Karen
    $800 24
Benjamin Franklin

Tim
    $800 5
Havana

Karen
    $800 29
Tennyson

Tim
    $800 10
prerequisite

Karen
    $3,000 14
Plymouth Rock

Karen
    $800 19
Runaway Bride

Kate
    $1000 25
Patrick Henry

Kate
    $1000 6
(Alex: Now is the time for [*], yes indeed.)

Amsterdam

Karen
    $1000 30
Shelley

Triple Stumper
    $1000 11
Sitka

Karen
    $1000 15
Ayers Rock

Tim
    $1000 20
Citizen Kane

Karen

Scores at the first commercial break (after clue 15):

Kate Karen Tim
$0 $7,600 $2,400

Scores at the end of the Jeopardy! Round:

Kate Karen Tim
$3,000 $10,200 $4,200

Double Jeopardy! Round responses

POSSESSED
HE WAS IN THE TOP 40?
GUINNESS WORLD RECORDS
POLITICAL NICKNAMES
IT'S HARD OUT HERE FOR A PUMP
4-LETTER ABBREV.
    $400 6
Puerto Rico

Karen
    $400 1
Steve Martin

Kate
    $400 24
a tea party

Tim
    $400 17
(Karen: Who is, uh... in Italy...)

Mussolini

KarenTim
    $400 11
the heart

Tim
    $400 12
thank you very much

Tim
    $800 7
a wildlife refuge

Karen
    $800 2
Don Johnson

Karen
    $800 25
(Alex: 8 feet, 11 inches.)

the world's tallest man

Tim
    $800 18
Benjamin Disraeli

Kate
    $800 22
Albert Einstein

Triple Stumper
    $800 13
Royal Canadian Mounted Police

Kate
    $2,800 8
the Virgin Islands

Karen
    $1200 3
(Richard) Chamberlain

Kate
    $1,000 28
patents

Karen
    $1200 19
George Herbert Walker Bush

Triple Stumper
    $1200 23
(Karen: What is a valve?)

a piston

KateKaren
    $1200 14
University of Texas - El Paso

Tim
    $1600 9
Marianas

Karen
    $1600 4
Lorne Greene

Karen
    $1600 27
(Kate: What are beers?)
(Alex: No. That would be fun if he had tossed them back!)
...
(Alex: Shrove Tuesday associated with [*].)

pancakes

Kate
Triple Stumper
    $1600 20
(Karen: Who is De Gaulle?)

(Alex: We’re talking about World War I, not World War II. This was [*].)

Georges Clemenceau

Karen
Triple Stumper
    $1600 29
(Tim: Who is Artemis?)

Archimedes

KateTim
    $1600 15
Dow Jones Industrial Average

Kate
    $2000 10
the Guano Act

Karen
    $2000 5
(Jim) Backus

Kate
    $2000 26
Michael Flatley

Karen
    $2000 21
(Alex: [Waiting for the contestants to buzz in] Eminence Rouge.)

(Cardinal) Richelieu

Karen
    $2000 30
[Karen rings in just ahead of the times-up indicator.]

centrifugal

Karen
    $2000 16
Recording Industry Association of America

Triple Stumper

Scores at the end of the Double Jeopardy! Round:

Kate Karen Tim
$11,000 $24,000 $6,200
(lock game)

[wagering suggestions for these scores]

Final Jeopardy! Round responses

THE GREEK ALPHABET
TimWhat is tau? (go rams)
$4,801
KateWhat is Epsilon
$2,500
KarenWhat is N
$1,500
Rho

Final scores:

Kate Karen Tim
$8,500 $22,500 $1,399
2nd place: $2,000 New champion: $22,500 3rd place: $1,000

Game dynamics:

Coryat scores:

Kate Karen Tim
$11,000 $20,400 $6,200
14 R,
2 W
25 R
(including 3 DDs),
4 W
14 R,
1 W

Combined Coryat: $37,600

[game clues] [game scores] [suggest correction]

Game tape date: 2007-01-30
The J! Archive is created by fans, for fans. Scraping, republication, monetization, and malicious use prohibited; this site may use cookies and collect identifying information. See terms. The Jeopardy! game show and all elements thereof, including but not limited to copyright and trademark thereto, are the property of Jeopardy Productions, Inc. and are protected under law. This website is not affiliated with, sponsored by, or operated by Jeopardy Productions, Inc. Join the discussion at JBoard.tv.